Pedro Bernardo Villarreal de Bérriz (1669-1740) (Record no. 10822)

MARC details
000 -LEADER
campo de control de longitud fija 01187nam a2200265 i 4500
001 - NÚMERO DE CONTROL
campo de control 10822
003 - IDENTIFICADOR DE NÚMERO DE CONTROL
campo de control ES-MaACL
005 - FECHA Y HORA DE LA ÚLTIMA TRANSACCIÓN
campo de control 20260113165950.0
007 - CAMPO FIJO DE DESCRIPCIÓN FÍSICA--INFORMACIÓN GENERAL
campo de control de longitud fija t|
008 - DATOS DE LONGITUD FIJA--INFORMACIÓN GENERAL
campo de control de longitud fija 951107s1990 sp ||||1| spa d
020 ## - NÚMERO INTERNACIONAL ESTÁNDAR DEL LIBRO
Número Internacional Estándar del Libro 84-7039-585-8
080 ## - NÚMERO DE LA CLASIFICACIÓN DECIMAL UNIVERSAL
Número de la Clasificación Decimal Universal 929 Villarreal de Bérriz, Pedro Bernardo
080 ## - NÚMERO DE LA CLASIFICACIÓN DECIMAL UNIVERSAL
Número de la Clasificación Decimal Universal 62/69(460.15)"17"
100 1# - ENTRADA PRINCIPAL--NOMBRE DE PERSONA
Nombre de persona Ruiz de Azúa, Estíbaliz.
9 (RLIN) 100729
245 10 - MENCIÓN DEL TÍTULO
Título Pedro Bernardo Villarreal de Bérriz (1669-1740)
Resto del título : semblanza de un vasco precursor /
Mención de responsabilidad, etc. Estíbaliz Ruiz de Azúa y Martínez de Ezquerecocha ; con un estudio sobre las ideas técnicas de P.B. Villarreal de Bérriz, por Ignacio González Tascón y un prólogo de José María de Areilza.
260 ## - PUBLICACIÓN, DISTRIBUCIÓN, ETC.
Lugar de publicación, distribución, etc. Madrid :
Nombre del editor, distribuidor, etc. Fundación Juanelo Turriano :
-- Castalia,
Fecha de publicación, distribución, etc. D.L. 1990.
300 ## - DESCRIPCIÓN FÍSICA
Extensión 249 p., 16 p. de lám. :
Otras características físicas il. ;
Dimensiones 25 cm.
600 14 - PUNTO DE ACCESO ADICIONAL DE MATERIA--NOMBRE DE PERSONA
Nombre de persona Villarreal de Berriz, Pedro Bernardo,
Fechas asociadas al nombre 1670-1740
9 (RLIN) 115137
650 14 - PUNTO DE ACCESO ADICIONAL DE MATERIA--TÉRMINO DE MATERIA
Término de materia o nombre geográfico como elemento de entrada Tecnología-
Subdivisión geográfica Pais Vasco-
Subdivisión cronológica S.XVII.
9 (RLIN) 17412
700 1# - ENTRADA AGREGADA--NOMBRE PERSONAL
Nombre de persona González Tascón, Ignacio.
9 (RLIN) 58983
700 1# - ENTRADA AGREGADA--NOMBRE PERSONAL
Nombre de persona Areilza, José María de,
Fechas asociadas al nombre 1909-1998
9 (RLIN) 22575
710 2# - ENTRADA AGREGADA--NOMBRE DE ENTIDAD CORPORATIVA
Nombre de entidad corporativa o nombre de jurisdicción como elemento de entrada Fundación Juanelo Turriano.
9 (RLIN) 4352
852 ## - LOCALIZACIÓN
Ubicación ES-MaACL
Número de control de estantería L-18079
Sublocalización o colección R.119141
Holdings
Estatus retirado Estado de pérdida Estado de daño No para préstamo Biblioteca de origen Biblioteca actual Ubicación en estantería Fecha de adquisición Fuente de adquisición Total de préstamos Signatura topográfica completa Código de barras Visto por última vez Precio de reemplazo Tipo de ítem Koha
        Biblioteca del Ateneo de Madrid Biblioteca del Ateneo de Madrid Depósito 2 17/01/2008     L-18079 1011040 23/02/2023 23/02/2023 Libro impreso